The Patrick Melrose novels / (Record no. 9555)
[ view plain ]
| 000 -LEADER | |
|---|---|
| fixed length control field | 01144nam a22003378i 4500 |
| 001 - CONTROL NUMBER | |
| control field | 017001465 |
| 003 - CONTROL NUMBER IDENTIFIER | |
| control field | Uk |
| 005 - DATE AND TIME OF LATEST TRANSACTION | |
| control field | 20230412103152.0 |
| 008 - FIXED-LENGTH DATA ELEMENTS--GENERAL INFORMATION | |
| fixed length control field | 141120s2015 enk 000|f|eng|d |
| 015 ## - NATIONAL BIBLIOGRAPHY NUMBER | |
| National bibliography number | GBB501437 |
| Source | bnb |
| 020 ## - INTERNATIONAL STANDARD BOOK NUMBER | |
| International Standard Book Number | 9781447253525 (pbk.) : |
| Terms of availability | £14.99 |
| 040 ## - CATALOGING SOURCE | |
| Original cataloging agency | StDuBDS |
| Language of cataloging | eng |
| Transcribing agency | StDuBDS |
| Description conventions | rda |
| 082 04 - DEWEY DECIMAL CLASSIFICATION NUMBER | |
| Classification number | 813.54 |
| Edition number | 23 |
| 100 1# - MAIN ENTRY--PERSONAL NAME | |
| Personal name | St. Aubyn, Edward, |
| Dates associated with a name | 1960- |
| Relator term | author. |
| 240 10 - UNIFORM TITLE | |
| Uniform title | Novels. |
| Form subheading | Selections. |
| 245 14 - TITLE STATEMENT | |
| Title | The Patrick Melrose novels / |
| Statement of responsibility, etc. | Edward St Aubyn. |
| 264 #1 - PRODUCTION, PUBLICATION, DISTRIBUTION, MANUFACTURE, AND COPYRIGHT NOTICE | |
| Place of production, publication, distribution, manufacture | London : |
| Name of producer, publisher, distributor, manufacturer | Picador, |
| Date of production, publication, distribution, manufacture, or copyright notice | 2015. |
| 300 ## - PHYSICAL DESCRIPTION | |
| Extent | 1 volume ; |
| Dimensions | 20 cm. |
| 336 ## - CONTENT TYPE | |
| Content type term | text |
| Source | rdacontent. |
| 337 ## - MEDIA TYPE | |
| Media type term | unmediated |
| Source | rdamedia. |
| 338 ## - CARRIER TYPE | |
| Carrier type term | volume |
| Source | rdacarrier. |
| 505 0# - FORMATTED CONTENTS NOTE | |
| Formatted contents note | Never mind -- Bad news -- Some hope -- Mother's milk -- At last. |
| 650 #0 - SUBJECT ADDED ENTRY--TOPICAL TERM | |
| Topical term or geographic name entry element | Melrose, Patrick (Fictitious character) |
| Form subdivision | Fiction. |
| 700 12 - ADDED ENTRY--PERSONAL NAME | |
| Personal name | St. Aubyn, Edward, |
| Dates associated with a name | 1960- |
| Title of a work | Never mind. |
| Personal name | St. Aubyn, Edward, |
| Dates associated with a name | 1960- |
| Title of a work | Bad news. |
| Personal name | St. Aubyn, Edward, |
| Dates associated with a name | 1960- |
| Title of a work | Some hope. |
| Personal name | St. Aubyn, Edward, |
| Dates associated with a name | 1960- |
| Title of a work | Mother's milk. |
| Personal name | St. Aubyn, Edward, |
| Dates associated with a name | 1960- |
| Title of a work | At last. |
| 942 ## - ADDED ENTRY ELEMENTS (KOHA) | |
| Source of classification or shelving scheme | Dewey Decimal Classification |
| Koha item type | Fiction |
| Withdrawn status | Lost status | Source of classification or shelving scheme | Damaged status | Not for loan | Collection code | Home library | Current library | Shelving location | Date acquired | Serial Enumeration / chronology | Total Checkouts | Full call number | Barcode | Date last seen | Price effective from | Koha item type |
|---|---|---|---|---|---|---|---|---|---|---|---|---|---|---|---|---|
| Dewey Decimal Classification | Fiction | RTC Library | RTC Library | Fiction | 12/04/2023 | 177392 | FIC 813.54 AUB | 30018504 | 12/04/2023 | 12/04/2023 | Fiction |